00405pab a2200133 454500008004000000100002300040245008600063260000900149300001500158362000900173650002200182700002100204773004600225180718b2010 xxu||||| |||| 00| 0 eng d aDeason, Jeffrey A. aIntertemporal regulatory tasks and responsibilities for greenhouse gas reductions c2010 ap.821-853. aFall aGreenhouse effect aFriedman, Lee S. aJournal of Policy Analysis and Management